000 00847cab a2200241 4500
001 WB2817-68
008 090401t1992 xxu||||| |||| 00| 0 eng d
035 _a(Sirsi) u51388
041 _aeng
245 _aSpecific performance
260 _c1992
350 _a0
490 _aEstates Gazette Case Summaries
_v1992 EGCS 54(1) (18/4/92)
520 _a"Jawara v Gambia Airways" Privy Council 6 April 1992. At issue was whether the solicitor acting for the vendor had exceeded his authority in negotiating with rival purchasers J and G for the sale of premises as J, the appellant, unsuccessfully contended at appeal.
650 _aAGENCY
650 _aBANJUL
650 _aGAMBIA
650 _aSALE OF PROPERTY
650 _aVENDOR AND PURCHASER
690 _aPROPERTY LAW AND PRACTICE-CASE LAW
942 _n0
948 _c04/03/1997
999 _c31927
_d31927